000 00329nam a2200133Ia 4500
008 240624s9999 xx 000 0 und d
041 _aeng
082 _a335 LO
100 _aLO VAI LO
245 _aRISE OF THE BRICS IN THE GLOBAL POLITICA
260 _c2014
_aUSA
_bElgar
300 _axviii, 327 P.; 23 cm
365 _cBPS
_b33
999 _c32391
_d32391